[Event "Titled Tue 1st Jul Late"]
[Site "chess.com INT"]
[Date "2025.07.01"]
[Round "7"]
[White "Pereyra, Horacio"]
[Black "Jimenez Almeida, Luis David"]
[Result "1-0"]
[BlackTitle "FM"]
[WhiteElo "2133"]
[BlackElo "2188"]
[WhiteFideId "113700"]
[BlackFideId "22242244"]
[EventDate "2025.07.01"]

1. d4 g6 2. Nc3 d5 3. h4 Nf6 4. Nf3 Bg7 5. Bf4 a6 6. Ne5 b5 7. a3 Bb7 8. e3 Nbd7
9. Be2 c5 10. h5 O-O 11. hxg6 hxg6 12. Bf3 e6 13. Bg5 Rc8 14. Qd2 Qc7 15. O-O-O
b4 16. axb4 cxb4 17. Nb1 b3 18. c3 Nb6 19. e4 dxe4 20. Bh6 Nbd5 21. Bxg7 e3 22.
fxe3 Kxg7 23. e4 Rh8 24. exd5 Bxd5 25. Rhf1 Bc4 26. Rf2 a5 27. Na3 Ba6 28. Qf4
Qe7 29. Be2 Rxc3+ 30. Kb1 Bxe2 31. Rxe2 Rc7 32. Rf1 Nd5 33. Qe4 Rhc8 34. Ree1 a4
35. Rxf7+ Qxf7 36. Nxf7 Nf6 37. Qe5 Kxf7 38. Nb5 Rc6 39. Nd6+ Kg7 40. Ne4 Kh6
41. Nxf6 Rc2 42. Qf4+ Kg7 43. Ne4 1-0

[Event "Titled Tue 1st Jul Late"]
[Site "chess.com INT"]
[Date "2025.07.01"]
[Round "7"]
[White "Sarquis, Maria Belen"]
[Black "Diano, Eden"]
[Result "1-0"]
[WhiteTitle "WIM"]
[WhiteElo "2156"]
[BlackElo "2086"]
[WhiteFideId "111805"]
[BlackFideId "5203708"]
[EventDate "2025.07.01"]

1. e4 c5 2. Nf3 a6 3. g3 d6 4. Bg2 e5 5. O-O Nf6 6. Re1 Nc6 7. c3 Bg4 8. h3 Bh5
9. Na3 b5 10. Nc2 Rc8 11. d4 Be7 12. Bg5 O-O 13. g4 Bg6 14. Nh4 Re8 15. Qd2 Qb6
16. Rad1 cxd4 17. cxd4 exd4 18. Nf5 Bxf5 19. exf5 Ne5 20. Nxd4 Nc4 21. Qb4 Nd5
22. Bxd5 Bxg5 23. Bxc4 Rxe1+ 24. Rxe1 Bh4 25. Bb3 a5 26. Qc3 Rf8 27. Qd2 a4 28.
Bd1 h6 29. Nf3 Bf6 30. Be2 b4 31. Rd1 Rd8 32. Qe3 Qxe3 33. fxe3 Bxb2 34. Bc4 Bc3
35. Kf2 Kf8 36. Nd4 Rc8 37. Bd5 Rc5 38. Be4 b3 39. axb3 a3 40. Bb1 Ra5 41. Ba2
g6 42. fxg6 fxg6 43. Ne2 Be5 44. Nf4 Kf7 45. b4+ Kf6 46. bxa5 g5 47. Nd5+ Kg6
48. a6 h5 49. gxh5+ Kxh5 50. a7 Kh4 51. a8=Q Kxh3 52. Qh8+ Kg4 53. Qf8 Bg3+ 54.
Kg2 Be5 55. Qf3+ Kh4 56. Rh1+ 1-0

[Event "Titled Tue 1st Jul Late"]
[Site "chess.com INT"]
[Date "2025.07.01"]
[Round "7"]
[White "Mikhalsky, Vladimir"]
[Black "Filippova, Margarita"]
[Result "1/2-1/2"]
[BlackTitle "WFM"]
[WhiteElo "2219"]
[BlackElo "2026"]
[WhiteFideId "14144352"]
[BlackFideId "34199680"]
[EventDate "2025.07.01"]

1. d4 d5 2. c4 dxc4 3. Nf3 Nf6 4. e3 e6 5. Bxc4 c5 6. O-O a6 7. a4 Nc6 8. Nc3
cxd4 9. exd4 Be7 10. Re1 O-O 11. Bf4 Nb4 12. Qb3 h6 13. a5 Nfd5 14. Bd2 Bd6 15.
Ne4 Be7 16. Ne5 Nc6 17. Nxc6 bxc6 18. Nc5 Bxc5 19. dxc5 Qc7 20. Qd3 Rd8 21. Rad1
e5 22. Qg3 Nf4 23. Bxf4 exf4 24. Rxd8+ Qxd8 25. Qxf4 Qf8 26. Qd6 Bf5 27. Qxf8+
Kxf8 28. Re3 Rb8 29. Rb3 Rxb3 30. Bxb3 Bd3 31. f3 Bb5 32. Kf2 f6 33. Ke3 Ke7 34.
Kd4 Bf1 35. g3 Bg2 36. f4 Bf1 37. Bc2 Ke6 38. Be4 Bb5 39. b4 f5 40. Bf3 g6 41.
Bd1 g5 42. h4 gxf4 43. gxf4 Kf6 44. Bb3 Bf1 45. Bg8 Bb5 46. Bb3 Bf1 47. Ke3 Bb5
48. Bc2 Ke6 49. Bb3+ Kf6 50. Bd1 Ke6 51. Bf3 Kf6 52. Kd4 Ke6 53. Bh5 Bf1 54. Bg6
Kf6 55. Be8 Bb5 56. Bd7 Ba4 57. Bc8 Bb5 58. Bb7 Ke6 59. Bc8+ Kf6 60. Bd7 Ba4 61.
Bc8 Bb5 1/2-1/2

[Event "Titled Tue 1st Jul Late"]
[Site "chess.com INT"]
[Date "2025.07.01"]
[Round "7"]
[White "Hernandez Bermudez, Ulises Eduardo"]
[Black "Munoz, Miguel"]
[Result "0-1"]
[BlackTitle "GM"]
[WhiteElo "2042"]
[BlackElo "2321"]
[WhiteFideId "3902510"]
[BlackFideId "3800229"]
[EventDate "2025.07.01"]

1. e4 d5 2. exd5 Qxd5 3. d4 Nc6 4. Be3 e5 5. Nc3 Bb4 6. dxe5 Qxe5 7. Qd3 Bf5 8.
Qd2 Rd8 9. Bd3 Bxd3 10. cxd3 Nf6 11. Nf3 Qf5 12. O-O-O O-O 13. Qc2 Bxc3 14. bxc3
Qa5 15. d4 Nd5 16. Rd3 Qa6 17. Rhd1 b5 18. Bg5 f6 19. Bh4 Na5 20. Nd2 Nc4 21.
Nxc4 bxc4 22. Rh3 Rb8 23. Kd2 Qa3 24. Rb1 Rxb1 25. Qxb1 Re8 26. Bg5 g6 27. Bh6
Kf7 28. Rf3 Re6 29. h4 Rb6 30. Qd1 Qxa2+ 31. Ke1 Rb1 32. Bc1 Qa1 33. Kd2 a5 34.
h5 a4 35. Qc2 a3 36. hxg6+ hxg6 37. Rh3 Kg7 38. Rg3 g5 39. Qf5 Qa2+ 40. Kd1 Qb3+
41. Kd2 Qb5 42. Bxa3 Nxc3 43. Rxc3 Qxf5 0-1

[Event "Titled Tue 1st Jul Late"]
[Site "chess.com INT"]
[Date "2025.07.01"]
[Round "7"]
[White "Radionov, Timur"]
[Black "Linares Orellana, Hector Jose"]
[Result "1-0"]
[WhiteTitle "FM"]
[BlackTitle "FM"]
[WhiteElo "2200"]
[BlackElo "2111"]
[WhiteFideId "34178772"]
[BlackFideId "7304307"]
[EventDate "2025.07.01"]

1. e4 c5 2. Nf3 Nc6 3. d4 cxd4 4. Nxd4 Nf6 5. Nc3 e5 6. Nf3 Bb4 7. Bc4 O-O 8.
Bg5 h6 9. Bxf6 Qxf6 10. Qd3 d6 11. O-O Bxc3 12. Qxc3 Bg4 13. Nd2 Nd4 14. f3 Be6
15. Qd3 Rfd8 16. c3 Nc6 17. Rad1 Rd7 18. Nb3 Rad8 19. Bd5 Ne7 20. Nd2 Nxd5 21.
exd5 Bf5 22. Ne4 Qh4 23. Qe3 Bh7 24. g3 Qh5 25. c4 b6 26. b4 f5 27. Nc3 Rf7 28.
f4 e4 29. Nb5 g5 30. Nd4 Rg7 31. Rd2 Rc8 32. Nc6 gxf4 33. Rxf4 Qg5 34. Kf2 h5
35. Rc2 Qf6 36. Qd4 Qxd4+ 37. Nxd4 Rgc7 38. Nc6 Bg6 39. Ke3 Kg7 40. Kd4 Kf6 41.
Re2 a6 42. Rexe4 Kg5 43. Re6 Bf7 44. Rxd6 b5 45. c5 Be8 46. Ne5 Re7 47. h4# 1-0

[Event "Titled Tue 1st Jul Late"]
[Site "chess.com INT"]
[Date "2025.07.01"]
[Round "7"]
[White "Logvinov, Petro"]
[Black "Liu, Zachary Hankun"]
[Result "0-1"]
[WhiteTitle "FM"]
[WhiteElo "2190"]
[BlackElo "2067"]
[WhiteFideId "14176661"]
[BlackFideId "2640287"]
[EventDate "2025.07.01"]

1. e4 c5 2. Nf3 d6 3. d4 cxd4 4. Nxd4 Nf6 5. Nc3 g6 6. Be3 Bg7 7. f3 O-O 8. Qd2
Nc6 9. O-O-O Nxd4 10. Bxd4 Be6 11. Kb1 Qc7 12. g4 Rfc8 13. h4 Qa5 14. h5 Rxc3
15. Qxc3 Qxa2+ 16. Kc1 Bh6+ 17. Be3 Rc8 18. Bxh6 Rxc3 19. bxc3 a5 20. Bd3 Qa4
21. Kd2 Qc6 22. Bg5 Nd7 23. Bxe7 Ne5 24. Rhf1 a4 25. Ra1 b5 26. hxg6 fxg6 27. g5
Qc5 28. Bf6 b4 29. cxb4 Qxb4+ 30. Ke2 a3 31. Rfb1 Qc3 32. Rb8+ Kf7 33. Rab1 Bd7
34. R1b3 Qc5 35. R8b7 Ke6 36. f4 Nxd3 37. cxd3 Qc2+ 38. Ke3 Qc1+ 39. Kf3 Qd1+
40. Ke3 Qe1+ 41. Kd4 Qf2+ 42. Kc3 a2 43. Ra3 h5 44. Rba7 h4 45. Rxa2 Qc5+ 46.
Kd2 h3 0-1

[Event "Titled Tue 1st Jul Late"]
[Site "chess.com INT"]
[Date "2025.07.01"]
[Round "7"]
[White "Mayans Calvo, Mariano"]
[Black "Sochacki, Christophe"]
[Result "0-1"]
[WhiteTitle "CM"]
[BlackTitle "GM"]
[WhiteElo "2101"]
[BlackElo "2449"]
[WhiteFideId "2251426"]
[BlackFideId "662569"]
[EventDate "2025.07.01"]

1. e4 d5 2. Nc3 d4 3. Nce2 e5 4. f4 f6 5. Nf3 Nc6 6. fxe5 fxe5 7. Ng3 Be6 8. Bb5
Qd6 9. Ng5 Nf6 10. Nxe6 Qxe6 11. d3 O-O-O 12. O-O g6 13. Bc4 Qd6 14. a4 Bg7 15.
a5 a6 16. Bd2 Rdf8 17. b4 Nxb4 18. Qb1 Nc6 19. Qb3 Nd7 20. Rfb1 Nc5 21. Qa3 h5
22. Bd5 h4 23. Ne2 h3 24. g3 Rf3 25. Bb4 Nxb4 26. Qxb4 c6 27. Bc4 Rhf8 28. Qb6
Bh6 29. Qa7 Rf2 30. Bxa6 Rxe2 31. Bxb7+ Kd8 32. Bxc6 Nd7 33. Bxd7 Qxd7 34. Rb8+
Ke7 35. Rb7 Be3+ 36. Kh1 Qxb7 37. Qxb7+ Ke6 38. Qd5+ Ke7 39. Qc5+ Kf7 40. Rf1+
Bf2 41. Qxe5 Kg8 42. Qd5+ Kg7 43. e5 Be3 44. Qb7+ Kh6 45. Rb1 Rff2 46. g4 Rxh2# 0-1

[Event "Titled Tue 1st Jul Late"]
[Site "chess.com INT"]
[Date "2025.07.01"]
[Round "7"]
[White "Ryabukhin, Roman"]
[Black "Bagheri, Maziar"]
[Result "0-1"]
[WhiteTitle "CM"]
[BlackTitle "FM"]
[WhiteElo "2236"]
[BlackElo "2287"]
[WhiteFideId "24257893"]
[BlackFideId "12530913"]
[EventDate "2025.07.01"]

1. e4 c5 2. Nf3 d6 3. d4 cxd4 4. Nxd4 Nf6 5. Nc3 g6 6. Be3 Bg7 7. f3 O-O 8. Qd2
Nc6 9. O-O-O d5 10. exd5 Nxd5 11. Nxc6 bxc6 12. Bd4 e5 13. Bc5 Be6 14. Ne4 Rb8
15. Bc4 f5 16. Ng5 e4 17. c3 e3 18. Qxe3 Bf7 19. Bxf8 Qxf8 20. Qxa7 Bh6 21. f4
Bxg5 22. fxg5 Ra8 23. Qd7 Qc5 24. Rd4 Ra7 25. Qd8+ Kg7 26. Re1 Rb7 27. Bxd5 cxd5
28. Qf6+ Kg8 29. Ra4 Rb8 30. Re7 Rf8 31. Re1 d4 32. Qxd4 Qc7 33. Qe5 Qc6 34. Rd4
Qxg2 35. Rd2 Qxg5 36. h4 Qxh4 37. Rh2 Qg5+ 38. Qe3 f4 39. Qe7 Qxe7 40. Rxe7 f3
41. Rf2 Bxa2 0-1

[Event "Titled Tue 1st Jul Late"]
[Site "chess.com INT"]
[Date "2025.07.01"]
[Round "7"]
[White "Vetokhin, Savva"]
[Black "Habans Aguerrea, Javier"]
[Result "1-0"]
[WhiteTitle "GM"]
[BlackTitle "IM"]
[WhiteElo "2570"]
[BlackElo "2448"]
[WhiteFideId "44144474"]
[BlackFideId "24524689"]
[EventDate "2025.07.01"]

1. d4 Nf6 2. c4 e6 3. Nc3 Bb4 4. e3 d5 5. a3 Bxc3+ 6. bxc3 O-O 7. cxd5 exd5 8.
Bd3 c5 9. Ne2 b6 10. O-O Ba6 11. Bxa6 Nxa6 12. Qd3 Nc7 13. f3 Ne6 14. Bb2 Re8
15. Rad1 Rc8 16. Ng3 cxd4 17. cxd4 Qc7 18. Rf2 Qc4 19. Qxc4 Rxc4 20. Rfd2 Rec8
21. e4 g6 22. e5 Nd7 23. Nf1 b5 24. Ne3 Nb6 25. Nxc4 bxc4 26. Ba1 Na4 27. Rb1 c3
28. Rd3 Rc4 29. Kf2 Nxd4 30. g4 h6 31. h4 a6 32. h5 Kh7 33. hxg6+ Kxg6 34. f4
Nb3 35. Bxc3 Rxf4+ 36. Kg3 Nac5 37. Kxf4 Nxd3+ 38. Ke3 Nbc5 39. Bd4 Kg5 40. Rf1
Kxg4 41. Rxf7 h5 42. Rf6 h4 43. Rg6+ Kh5 44. Rc6 h3 45. Bxc5 h2 46. Bf8 Kg4 47.
Rh6 1-0

[Event "Titled Tue 1st Jul Late"]
[Site "chess.com INT"]
[Date "2025.07.01"]
[Round "7"]
[White "Ghafourian, Amir Ali"]
[Black "Povshednyi, Ivan"]
[Result "0-1"]
[WhiteTitle "CM"]
[BlackTitle "FM"]
[WhiteElo "2111"]
[BlackElo "2309"]
[WhiteFideId "12533831"]
[BlackFideId "14190907"]
[EventDate "2025.07.01"]

1. e4 c5 2. Nf3 d6 3. d4 cxd4 4. Nxd4 Nf6 5. Nc3 a6 6. Bg5 e6 7. f4 Qc7 8. Qe2
Be7 9. O-O-O h6 10. Bh4 Nbd7 11. g4 Nc5 12. Bg2 g5 13. fxg5 Nfd7 14. b4 hxg5 15.
Bf2 Nb3+ 16. Nxb3 Qxc3 17. Bd4 Qxb4 18. Bxh8 Ne5 19. Bxe5 dxe5 20. Qd2 Qb6 21.
Kb1 Qc7 22. h4 gxh4 23. g5 Bd7 24. Rxh4 O-O-O 25. Rh7 Bb5 26. Qe1 Bxg5 27. Rxd8+
Bxd8 28. Bf1 Bc6 29. Bd3 a5 30. Qf1 a4 31. Rxf7 Qb6 32. Rf8 axb3 33. axb3 Qd4
34. Qf6 Kc7 35. Qxe6 Kb6 36. Rf7 Bh4 37. Qc4 Qxc4 38. Bxc4 Bxe4 39. Rh7 Bg3 40.
Rh6+ Kc7 41. Bd3 Bc6 42. Re6 Bf4 43. Bf5 Bg3 44. Kb2 Bf2 45. c4 Bd4+ 46. Kc2 Bf3
47. Kd3 b6 48. Be4 Bg4 49. Rc6+ Kd7 50. b4 Bh3 0-1

[Event "Titled Tue 1st Jul Late"]
[Site "chess.com INT"]
[Date "2025.07.01"]
[Round "7"]
[White "Hariharan, Shambavi"]
[Black "Li, Yilin"]
[Result "1-0"]
[WhiteTitle "WCM"]
[BlackTitle "WFM"]
[WhiteElo "1936"]
[BlackElo "1922"]
[WhiteFideId "488160"]
[BlackFideId "8610410"]
[EventDate "2025.07.01"]

1. Nf3 d5 2. g3 c6 3. Bg2 Nf6 4. O-O e6 5. d3 Be7 6. Nbd2 O-O 7. e4 b6 8. c3 Bb7
9. Re1 Nfd7 10. d4 c5 11. exd5 exd5 12. dxc5 bxc5 13. Nf1 Bf6 14. Ne3 Nb6 15. a4
a5 16. Ng4 Na6 17. Nxf6+ Qxf6 18. Bg5 Qf5 19. Bf4 Rfe8 20. Rxe8+ Rxe8 21. Qb3
Qg6 22. Qb5 Qc6 23. Qxa5 c4 24. Nd4 Qc5 25. Qb5 Qxb5 26. Nxb5 Bc6 27. Nc7 Nxc7
28. Bxc7 Nxa4 29. Rb1 h5 30. Bf3 g6 31. Ba5 Rb8 32. Bb4 Re8 33. Kg2 Nb6 34. Bc5
Na4 35. Bb4 Kg7 36. b3 Nb6 37. Bc5 Nd7 38. Bd4+ f6 39. bxc4 Rb8 40. Rxb8 Nxb8
41. cxd5 Bb7 42. c4 Kf7 43. Bb6 Nd7 44. Bc7 Nc5 45. Bd6 Nd7 46. c5 Ne5 47. Bxe5
fxe5 48. d6 Bxf3+ 49. Kxf3 Ke6 50. Ke4 g5 51. h4 g4 52. f3 gxf3 53. Kxf3 Kd7 54.
Ke4 Ke6 55. d7 Kxd7 56. Kxe5 Kc6 57. Kf5 Kxc5 58. Kg5 Kd6 59. Kxh5 Ke6 60. Kg6
Ke7 61. Kg7 Ke6 62. h5 Kf5 63. h6 Kg4 64. h7 Kxg3 65. h8=Q 1-0

[Event "Titled Tue 1st Jul Late"]
[Site "chess.com INT"]
[Date "2025.07.01"]
[Round "7"]
[White "Kurpiewski, Slawomir"]
[Black "Simonovic, Miroslav"]
[Result "0-1"]
[WhiteTitle "CM"]
[BlackTitle "CM"]
[WhiteElo "1973"]
[BlackElo "2092"]
[WhiteFideId "1114530"]
[BlackFideId "919152"]
[EventDate "2025.07.01"]

1. f4 d5 2. Nf3 d4 3. g3 c5 4. Bg2 g6 5. O-O Bg7 6. d3 Nc6 7. a4 e6 8. Na3 Nge7
9. Qe1 O-O 10. Bd2 e5 11. Nc4 f6 12. e4 h6 13. h3 Be6 14. b3 Qd7 15. Kh2 Rab8
16. Qe2 b6 17. g4 a6 18. f5 Bf7 19. fxg6 Nxg6 20. Qf2 b5 21. axb5 axb5 22. Na3
Nb4 23. Nh4 Ra8 24. Nf5 Kh7 25. h4 Ra6 26. Qg3 Rfa8 27. Bc1 Nxc2 28. Nxc2 Rxa1
29. Nxa1 Rxa1 30. Nxg7 Rxc1 31. Rxc1 Kxg7 32. Rxc5 Bxb3 33. g5 fxg5 34. hxg5 h5
35. Bh3 Qe7 36. Rxb5 Bc2 37. Bf5 Nf4 38. Rb8 Bxd3 39. Ra8 Qb7 40. Ra2 Qb1 41.
Rg2 Bxe4 42. Rf2 Bxf5 43. Rxf4 exf4 44. Qxf4 Qc2+ 45. Kg3 Qd3+ 46. Kh2 Qe2+ 0-1

[Event "Titled Tue 1st Jul Late"]
[Site "chess.com INT"]
[Date "2025.07.01"]
[Round "7"]
[White "Deng, Henry"]
[Black "Mardov, Dimitar"]
[Result "0-1"]
[WhiteTitle "FM"]
[BlackTitle "IM"]
[WhiteElo "2327"]
[BlackElo "2506"]
[WhiteFideId "30965454"]
[BlackFideId "30919495"]
[EventDate "2025.07.01"]

1. Nf3 b6 2. g3 Bb7 3. Bg2 g6 4. O-O Bg7 5. d4 Nf6 6. b3 O-O 7. Bb2 d6 8. c4
Nbd7 9. Nc3 Ne4 10. Rc1 Nxc3 11. Bxc3 e6 12. Qd3 a5 13. a3 Qe7 14. e4 e5 15.
Rfe1 Rfe8 16. d5 Rf8 17. Bd2 Nc5 18. Qc2 a4 19. b4 Nb3 20. Rb1 Bc8 21. Bc3 f5
22. Nd2 Nxd2 23. Qxd2 f4 24. f3 h5 25. Qf2 g5 26. c5 g4 27. cxd6 cxd6 28. gxf4
gxf3 29. Bxf3 Rxf4 30. Qe3 Bd7 31. Kh1 Raf8 32. Bg2 h4 33. Rf1 Qg5 34. Qd3 Qh5
35. h3 Rf2 36. Rxf2 Rxf2 37. Rg1 b5 38. Be1 Rf4 39. Qe3 Kh7 40. Qa7 Rf7 41. Qb6
Qg6 42. Qe3 Bh6 43. Qe2 Bg5 44. Bf3 Qh6 45. Bg4 Be3 46. Bxd7 Bxg1 47. Bf5+ Rxf5
48. exf5 Bd4 49. Qg4 Qf4 50. Qxf4 exf4 51. Bxh4 Bb2 52. Be7 Bxa3 53. Bxd6 Bb2
54. Bxf4 a3 55. d6 a2 56. d7 a1=Q+ 57. Kg2 Qa8+ 58. Kg3 Bf6 0-1

[Event "Titled Tue 1st Jul Late"]
[Site "chess.com INT"]
[Date "2025.07.01"]
[Round "7"]
[White "Karas, Eugenia"]
[Black "Aalto, Patrik"]
[Result "0-1"]
[WhiteTitle "WFM"]
[BlackTitle "FM"]
[WhiteElo "2124"]
[BlackElo "2316"]
[WhiteFideId "463485"]
[BlackFideId "510726"]
[EventDate "2025.07.01"]

1. Nf3 Nf6 2. b3 g6 3. Bb2 Bg7 4. e3 O-O 5. Be2 d5 6. O-O c5 7. d4 cxd4 8. Nxd4
Nc6 9. c4 Nxd4 10. Bxd4 dxc4 11. Bxc4 Bd7 12. Nd2 Bc6 13. Nf3 b6 14. Rc1 Bb7 15.
Qe2 e6 16. Rfd1 Qe7 17. Ne5 Rac8 18. Ba6 Nd5 19. Bxb7 Qxb7 20. Qf3 Rxc1 21. Rxc1
Qe7 22. Nc6 Qd7 23. Bxg7 Kxg7 24. Ne5 Qe7 25. h3 h6 26. Nc6 Qd7 27. Nd4 Rc8 28.
Rxc8 Qxc8 29. Qe2 Qc1+ 30. Kh2 Qc7+ 31. g3 e5 32. Nb5 Qb7 33. Qf3 Qd7 34. Nxa7
Qxa7 35. Qxd5 Qxa2 36. Qxe5+ Kh7 37. Qf6 Qxb3 38. e4 Qe6 39. Qd4 b5 40. Qb4 Qc4
41. Qe7 b4 42. g4 b3 43. g5 hxg5 44. Qxg5 Qxe4 45. Qf6 Qf5 46. Qh4+ Kg7 47. Qd4+
Qf6 48. Qc4 Qxf2+ 49. Kh1 Qe1+ 50. Kg2 Qd2+ 51. Kg3 Qg5+ 52. Kh2 Qe5+ 53. Kg2 b2
54. Qb3 Qe4+ 55. Kg3 b1=Q 56. Qc3+ Kh7 0-1

[Event "Titled Tue 1st Jul Late"]
[Site "chess.com INT"]
[Date "2025.07.01"]
[Round "7"]
[White "Caku, Kler"]
[Black "Romany, Joy"]
[Result "1-0"]
[WhiteTitle "WFM"]
[BlackTitle "WIM"]
[WhiteElo "2010"]
[BlackElo "1960"]
[WhiteFideId "4704703"]
[BlackFideId "10656820"]
[EventDate "2025.07.01"]

1. e4 e5 2. Nf3 Nc6 3. Nc3 Nf6 4. Bb5 Nd4 5. Be2 d6 6. O-O Be7 7. d3 O-O 8. Nxd4
exd4 9. Nb5 c5 10. f4 a6 11. Na3 b5 12. f5 Nd7 13. Bf4 Ne5 14. Nb1 Bg5 15. Qd2
Bf6 16. Qe1 Bb7 17. Nd2 Rc8 18. Nf3 c4 19. Qg3 cxd3 20. Bxd3 Re8 21. Bxe5 Bxe5
22. Qh3 Bf6 23. g4 Bxe4 24. Qg2 Bxd3 25. cxd3 Re3 26. g5 Be5 27. Rae1 Qc7 28. g6
fxg6 29. fxg6 hxg6 30. Ng5 Rxe1 31. Rxe1 Qc2 32. Qh3 Kf8 33. Rf1+ Bf6 34. Nh7+
Kf7 35. Nxf6 gxf6 36. Qh7+ Ke6 37. Qxg6 Qd2 38. Qg4+ Ke7 39. Qg7+ Kd8 40. Qf8+
Kc7 41. Qf7+ Kb8 42. Qg6 Rc2 43. Qg8+ Kb7 44. Qg3 Kb6 45. Rxf6 Rc1+ 46. Rf1 1-0

[Event "Titled Tue 1st Jul Late"]
[Site "chess.com INT"]
[Date "2025.07.01"]
[Round "7"]
[White "Oksendal, Martin"]
[Black "Grutter, Tim"]
[Result "0-1"]
[WhiteTitle "FM"]
[BlackTitle "IM"]
[WhiteElo "2235"]
[BlackElo "2404"]
[WhiteFideId "1554107"]
[BlackFideId "1057472"]
[EventDate "2025.07.01"]

1. e4 c6 2. d4 d5 3. e5 c5 4. dxc5 e6 5. a3 Nd7 6. c4 Bxc5 7. Nf3 Qb6 8. Qc2 f6
9. b4 Be7 10. cxd5 exd5 11. Bb2 fxe5 12. Nxe5 Nxe5 13. Bxe5 Nf6 14. Bd3 Ng4 15.
Bb2 Bf6 16. O-O Bxb2 17. Qxb2 O-O 18. Nc3 Be6 19. Na4 Qd6 20. g3 Rf6 21. Nc5 Rh6
22. Rae1 Bf7 23. h4 Rxh4 24. f3 Qxg3+ 25. Qg2 Qxg2+ 26. Kxg2 Nf6 27. Nxb7 Rd4
28. Nc5 Nh5 29. Bb1 a5 30. Rd1 Rxd1 31. Rxd1 axb4 32. axb4 Rb8 33. Na6 Rb6 34.
Rc1 g6 35. Rc8+ Kg7 36. Ra8 d4 37. Kf2 Bc4 38. Ra7+ Kh6 39. Nc5 Rxb4 40. Be4
Rb2+ 41. Kg1 Nf4 42. Nd7 Nh3+ 43. Kh1 Bf1 44. f4 Nf2+ 45. Kg1 Nxe4 46. Kxf1 d3
47. Ne5 d2 48. Ng4+ Kh5 49. Ne3 Rb1+ 50. Ke2 Re1+ 51. Kf3 Rxe3+ 52. Kxe3 d1=Q
53. Rxh7+ Kg4 54. Kxe4 Qe2+ 55. Kd4 Kxf4 56. Rf7+ Kg5 57. Re7 Qxe7 0-1

[Event "Titled Tue 1st Jul Late"]
[Site "chess.com INT"]
[Date "2025.07.01"]
[Round "7"]
[White "Dambaev, Dashi"]
[Black "Omariev, Maksim"]
[Result "0-1"]
[WhiteTitle "CM"]
[BlackTitle "FM"]
[WhiteElo "2211"]
[BlackElo "2304"]
[WhiteFideId "55628494"]
[BlackFideId "4193423"]
[EventDate "2025.07.01"]

1. e4 c5 2. Nf3 d6 3. d4 cxd4 4. Nxd4 Nf6 5. f3 e6 6. c4 Be7 7. Nc3 O-O 8. Be3
b6 9. Qd2 Bb7 10. Be2 a6 11. O-O Nbd7 12. Rfd1 Rc8 13. Rac1 Rc7 14. b4 Qa8 15.
Nb3 Rfc8 16. Bf1 d5 17. exd5 Bxb4 18. dxe6 fxe6 19. Nd4 Nc5 20. Qb2 Ba5 21. Bf4
Rd7 22. Nb3 Nxb3 23. axb3 Bb4 24. Rxd7 Nxd7 25. Bd3 Nf8 26. Qe2 Bc6 27. Be5 Qb7
28. Ne4 Rd8 29. Bb2 Ng6 30. Bb1 Qd7 31. Ng5 Bc5+ 32. Kh1 Nf4 33. Qe5 Qd1+ 34.
Qe1 Qd2 35. Bxh7+ Kh8 36. Qxd2 Rxd2 37. Be5 Rxg2 38. Bxf4 Rxg5 39. Be4 Bxe4 40.
fxe4 Rg4 41. Rf1 Kh7 0-1

[Event "Titled Tue 1st Jul Late"]
[Site "chess.com INT"]
[Date "2025.07.01"]
[Round "7"]
[White "Manvelyan, Mikayel"]
[Black "Zakin, Ilay"]
[Result "0-1"]
[WhiteTitle "FM"]
[BlackTitle "FM"]
[WhiteElo "2362"]
[BlackElo "2300"]
[WhiteFideId "13310143"]
[BlackFideId "2848279"]
[EventDate "2025.07.01"]

1. e4 e5 2. Nf3 d5 3. Nxe5 Nf6 4. exd5 Qxd5 5. d4 Nc6 6. Nxc6 Qxc6 7. Nc3 Bb4 8.
Qe2+ Be6 9. Qb5 Qxb5 10. Bxb5+ c6 11. Bd3 O-O-O 12. Be3 Ng4 13. O-O c5 14. Ne2
Rhe8 15. c3 Ba5 16. Bf4 Bd5 17. Rfe1 g6 18. h3 Nf6 19. Bg5 Rd6 20. dxc5 Rde6 21.
Bxf6 Rxf6 22. Nd4 Rd8 23. Nb5 a6 24. Nd6+ Kb8 25. b4 Bc7 26. Ne4 Re6 27. Ng5
Rxe1+ 28. Rxe1 Bxa2 29. Bf1 h6 30. Ne4 Be5 31. Nd6 Bxd6 32. cxd6 Rxd6 33. c4 Rd4
34. Rc1 Rd2 35. Rc3 Rb2 36. b5 a5 37. c5 a4 38. b6 Bd5 39. Rd3 Be6 40. Rd8+ Bc8
41. Bc4 a3 42. Bxf7 Rc2 43. Be6 Rxc5 44. Bxc8 Rxc8 45. Rd2 Rc3 46. Kh2 Kc8 47.
f4 Rb3 48. g4 Rxb6 49. f5 Rb2 50. Rxb2 axb2 51. fxg6 b1=Q 52. g7 Qb2+ 53. Kg3
Qxg7 54. Kf4 Qg5+ 0-1

[Event "Titled Tue 1st Jul Late"]
[Site "chess.com INT"]
[Date "2025.07.01"]
[Round "7"]
[White "Cernov, Henrik"]
[Black "Naroditsky, Daniel"]
[Result "0-1"]
[WhiteTitle "FM"]
[BlackTitle "GM"]
[WhiteElo "2325"]
[BlackElo "2619"]
[WhiteFideId "16258312"]
[BlackFideId "2026961"]
[EventDate "2025.07.01"]

1. e4 c5 2. Nf3 Nf6 3. Nc3 d6 4. d4 cxd4 5. Nxd4 a6 6. Rg1 h5 7. h3 Nc6 8. g4
hxg4 9. hxg4 Nxd4 10. Qxd4 Nxg4 11. Nd5 Ne5 12. Be2 e6 13. Bg5 f6 14. Nb6 fxg5
15. Nxa8 Bd7 16. Nb6 Bb5 17. c4 Bc6 18. O-O-O Rh4 19. f3 Qf6 20. Rgf1 Rh2 21.
Rd2 Qf4 22. Kb1 g4 23. fxg4 Qxe4+ 24. Qxe4 Bxe4+ 25. Kc1 Be7 26. Nc8 Rxe2 27.
Rxe2 Bd3 28. Rxe5 dxe5 29. Rh1 Bg5+ 30. Kd1 Kd7 31. Rh8 e4 32. Rg8 Bf6 33. Nb6+
Kc6 34. Na4 e3 35. Nc3 Kc5 36. Rc8+ Kb4 37. c5 Be5 38. c6 b5 39. c7 Bc4 40. Kc2
e2 41. a3+ Kc5 42. b4+ Kc6 43. Nxe2 Bxe2 44. Ra8 Bxc7 45. Rxa6+ Bb6 46. Ra8 Bxg4
47. Rg8 Bd4 48. Rc8+ Kd5 49. Rd8+ Ke4 50. Rc8 e5 51. Rc7 g5 52. Rg7 Be3 53. Rb7
Be2 54. Rg7 g4 55. a4 bxa4 56. Kb2 Bc4 57. Ka3 Bb3 58. Rxg4+ Kd3 59. b5 Bc1+ 60.
Kb4 Bd2+ 61. Ka3 Be3 62. Rg5 Bxg5 63. b6 Kc3 0-1

[Event "Titled Tue 1st Jul Late"]
[Site "chess.com INT"]
[Date "2025.07.01"]
[Round "7"]
[White "Aaron, Deepak"]
[Black "Abdurakhmonov, Mukhammadali"]
[Result "0-1"]
[BlackTitle "IM"]
[WhiteElo "2318"]
[BlackElo "2348"]
[WhiteFideId "2009412"]
[BlackFideId "14207346"]
[EventDate "2025.07.01"]

1. e4 e5 2. Nf3 Nc6 3. Bb5 Nf6 4. d3 d6 5. O-O Bd7 6. a4 g6 7. c3 Bg7 8. Re1 O-O
9. Nbd2 Re8 10. Nf1 Nh5 11. Bg5 Qc8 12. Ng3 Bg4 13. h3 Bxf3 14. Qxf3 Nxg3 15.
Qxg3 Rf8 16. Qh4 f6 17. Bc4+ Kh8 18. Bh6 Qd7 19. a5 a6 20. b4 Ne7 21. Bxg7+ Kxg7
22. Reb1 d5 23. Bb3 d4 24. Ba4 Qd8 25. c4 g5 26. Qg4 Ng6 27. g3 c6 28. b5 axb5
29. cxb5 cxb5 30. Rxb5 Rf7 31. Bb3 Re7 32. Bd5 Ra7 33. Qd1 Qc8 34. Kh2 Rc7 35.
Ra2 Ne7 36. Bc4 Nc6 37. Qb3 h5 38. Be6 Qe8 39. Bd5 h4 40. g4 Nd8 41. Rb6 Qe7 42.
a6 bxa6 43. Raxa6 Rxa6 44. Rxa6 Qc5 45. Qd1 Qc1 46. Qf3 Qf4+ 47. Qxf4 gxf4 48.
Ra8 Nf7 49. Kg2 Ng5 50. Rg8+ Kh7 51. Rf8 f3+ 52. Kh2 Rc2 53. Rxf6 Rxf2+ 54. Kh1
Nxh3 55. Rf5 Nf4 56. Rxe5 Rf1+ 57. Kh2 f2 58. Rf5 Rh1+ 0-1